| 000 | 00000nam 2200000zi 4500 |
| 001 | 9.939271 |
| 003 | CaOODSP |
| 005 | 20241030150407 |
| 006 | m o d f |
| 007 | cr cn||||||||| |
| 008 | 240612t20242024nkcabdo ob f000 0 eng d |
| 020 | |a9780660723372 |
| 040 | |aCaOODSP|beng|erda|cCaOODSP |
| 041 | |aeng|beng|bfre |
| 043 | |an-cn--- |
| 086 | 1 |aFs97-6/3621E-PDF |
| 100 | 1 |aRicard, Daniel, |d1973- |eauthor. |
| 245 | 10|aDesign goals, technical implementation and practical use of another data entry system (Andes) / |cby Daniel Ricard, David Fishman, Lindsay Beazley, Brian Boivin, Jamie Emberley, Ryan Martin, Nicolas Rolland, David Sean-Fortin, Quentin Stoyel and Pablo Vergara. |
| 264 | 1|aMoncton, New Brunswick : |bFisheries and Oceans Canada, Gulf Region, Science Branch, |c2024. |
| 264 | 4|c©2024 |
| 300 | |a1 online resource (vi, 48 pages) : |billustrations, maps, graphs, photographs. |
| 336 | |atext|btxt|2rdacontent |
| 337 | |acomputer|bc|2rdamedia |
| 338 | |aonline resource|bcr|2rdacarrier |
| 490 | 1 |aCanadian technical report of fisheries and aquatic sciences, |x1488-5379 ; |v3621 |
| 504 | |aIncludes bibliographical references (page 19). |
| 520 | 3 |a"An event logger and data entry system was developed by DFO Gulf Region to facilitate the capture of information collected during scientific field work. The application, called "Another data entry system" (Andes) was implemented as a browser-based environment that facilitates its deployment in a variety of data capture scenarios. Here, we describe the design goals and implementation details of Andes, and present a number of usage cases. Although the system is tailored primarily for use on fishery-related ecosystem surveys, the flexibility of the application in terms of adapting to new gear types and deployment options promotes its use in a wide variety of applications. To promote transparency, longevity, endorsement and use of Andes by other scientific groups, the application utilizes Open Source software and a shared code development platform"--Abstract, page v. |
| 546 | |aIncludes abstracts in English and French. |
| 650 | 0|aInput design, Computer|zCanada. |
| 650 | 0|aOceanography|xResearch|zCanada|xData processing. |
| 650 | 6|aSaisie des données (Informatique)|xOrganisation|zCanada. |
| 650 | 6|aOcéanographie|xRecherche|zCanada|xInformatique. |
| 710 | 1 |aCanada. |bDepartment of Fisheries and Oceans. |bGulf Region. |bScience Branch, |eissuing body. |
| 830 | #0|aCanadian technical report of fisheries and aquatic sciences,|x1488-5379 ; |v3621.|w(CaOODSP)9.504449 |
| 856 | 40|qPDF|s4.88 MB|uhttps://publications.gc.ca/collections/collection_2024/mpo-dfo/Fs97-6-3621-eng.pdf |